Экспериентальное исследование взрывной эмиссии электронов: автореферат диссертации на соискание ученой степени кандидата технических наук; спец. 05.12.10

Podrobná bibliografie
Hlavní autor: Баженов Г. П. Геннадий Пантелеевич
Korporativní autor: Томский политехнический институт
Další autoři: Месяц Г. А. Геннадий Андреевич (научный руководитель)
Jazyk:ruština
Vydáno: Томск, [Б. и.], 1972
Témata:
Médium: MixedMaterials Kniha
KOHA link:https://koha.lib.tpu.ru/cgi-bin/koha/opac-detail.pl?biblionumber=109412

MARC

LEADER 00000nam0a2200000 4500
001 109412
005 20231031120018.0
035 |a (RuTPU)RU\TPU\book\118131 
090 |a 109412 
100 |a 20070207d1972 k y0rusy50 ca 
101 0 |a rus 
102 |a RU 
105 |a y dm 001zy 
200 1 |a Экспериентальное исследование взрывной эмиссии электронов  |e автореферат диссертации на соискание ученой степени кандидата технических наук  |e спец. 05.12.10  |f Г. П. Баженов  |g Томский политехнический институт; науч. рук. Г. А. Месяц 
210 |a Томск  |c [Б. и.]  |d 1972 
215 |a 22 с. 
320 |a Библиогр.: с. 20-22 (32 назв.). 
610 1 |a физика 
610 1 |a электроны 
610 1 |a взрывная эмиссия 
610 1 |a экспериментальные исследования 
610 1 |a катодные факелы 
610 1 |a аноды 
610 1 |a поверхности 
610 1 |a эрозионные факелы 
610 1 |a авторефераты диссертаций 
610 1 |a труды учёных ТПУ 
675 |a 539.124(048)  |v 3 
686 |a 05.12.10  |2 oksvnk 
700 1 |a Баженов  |b Г. П.  |g Геннадий Пантелеевич 
702 1 |a Месяц  |b Г. А.  |c российский физик  |c академик, вице-президент РАН  |c выпускник Томского политехнического института  |f 1936-  |g Геннадий Андреевич  |2 stltpush  |3 (RuTPU)RU\TPU\pers\17099  |4 727 
712 0 2 |a Томский политехнический институт  |z 1944-1991  |2 stltpush  |3 (RuTPU)RU\TPU\col\1123 
801 1 |a RU  |b 63413507  |c 20070207  |g PSBO 
801 2 |a RU  |b 63413507  |c 20110517  |g PSBO 
942 |c BK